[Event "CAN-ch U14 Girls"]
[Site "Kapuskasing"]
[Date "2003.07.09"]
[Round "6"]
[White "Goutor, Valentina"]
[Black "Xu, Linda"]
[Result "1/2-1/2"]
[WhiteElo "1830"]
[BlackElo "1537"]
[PlyCount "126"]
[EventDate "2003.07.09"]
[EventType "swiss"]
[EventRounds "7"]
[EventCountry "CAN"]
[SourceTitle "EXT 2004"]
[Source "ChessBase"]
[SourceDate "2003.11.25"]
[SourceVersion "1"]
[SourceVersionDate "2003.11.25"]
[SourceQuality "1"]

1. e4 c5 2. Nf3 d6 3. d4 cxd4 4. Nxd4 Nf6 5. Nc3 e6 6. Be2 Be7 7. Be3 Nc6 8. Qd2 a6 9. f4 Bd7 10. Bf3 Qc7 11. g4 e5 12. Nf5 Bxf5 13. gxf5 b5 14. Rg1 g6 15. fxg6 hxg6 16. f5 Rg8 17. fxg6 fxg6 18. Nd5 Nxd5 19. Qxd5 0-0-0 20. 0-0-0 Kb8 21. Bg4 Nb4 22. Qb3 Nc6 23. Be6 Rh8 24. h3 Rh4 25. Bg4 Na5 26. Qd3 Nc4 27. Bf2 Qa5 28. Qb3 Bg5+ 29. Kb1 Rh6 30. Be1 Qc7 31. Be6 Bf4 32. Bb4 g5 33. Bg4 Qc6 34. Qd3 a5 35. Be1 b4 36. Bf2 Kb7 37. Be2 Rc8 38. c3 bxc3 39. Qxc3 Qxe4+ 40. Bd3 Qc6 41. Qb3+ Ka8 42. Bxc4 Qxc4 43. Qb6 Qc2+ 44. Ka1 Qc7 45. Qa6+ Kb8 46. Bb6 Qb7 47. Qxa5 d5 48. Bd8 Rhc6 49. a3 Bc1 50. Qb4 Qxb4 51. axb4 Ra6+ 52. Kb1 Be3 53. Rge1 Bf4 54. Rxd5 Rac6 55. Bxg5 Bxg5 56. Rexe5 Bd8 57. Rb5+ Kc7 58. Rec5 Rxc5 59. Rxc5+ Kb7 60. Rxc8 Kxc8 61. Kc2 Kb7 62. Kc3 Kb6 63. Kb3 Bh4 1/2-1/2

[Event "Hull La Colonne Ouverte"]
[Site "Hull"]
[Date "2002.10.15"]
[Round "1"]
[White "Xu, Linda"]
[Black "Lacourse, Guy"]
[Result "1-0"]
[WhiteElo "1256"]
[BlackElo "1651"]
[PlyCount "61"]
[EventDate "2002.10.15"]
[EventType "swiss"]
[EventRounds "5"]
[EventCountry "CAN"]
[SourceTitle "EXT 2022"]
[Source "ChessBase"]
[SourceDate "2021.10.06"]
[SourceVersion "1"]
[SourceVersionDate "2021.10.06"]
[SourceQuality "1"]

1. e4 c5 2. Nf3 d6 3. d4 cxd4 4. Nxd4 Nf6 5. Nc3 a6 6. Bc4 e6 7. 0-0 Be7 8. Re1 Qc7 9. Bb3 0-0 10. Re3 b5 11. a3 Bb7 12. Bxe6 Nc6 13. Bf5 Nxd4 14. Qxd4 g6 15. Bh3 Nh5 16. Rd3 Bf6 17. Qe3 Rfe8 18. Bg4 Ng7 19. Bd2 d5 20. Nxd5 Bxd5 21. Rxd5 Qxc2 22. Bf3 Bxb2 23. Rc5 Qxc5 24. Qxc5 Bxa1 25. Qb6 Re6 26. Qa5 Rc8 27. g3 Rc4 28. Qd8+ Re8 29. Qd3 f5 30. exf5 Nxf5 31. Bd5+ 1-0